Simple maths - Statistics

General Stats
  • This quiz has been taken 212 times
  • The average score is 14 of 15
Answer Stats
Hint Answer % Correct
1+1 2
100%
6+6 12
99%
9+3 12
99%
8+4 12
99%
2+2 4
99%
7+0 7
99%
9+9 18
98%
4+4 8
98%
6+2 8
98%
8+5 13
95%
2+1 3
95%
4+1 5
93%
5+6 11
92%
3+7 10
91%
9+8 17
87%
No matching quizzes found
Score Distribution
Percent of People with Each Score
Percentile by Number Answered
Your Score History
You have not taken this quiz